[Event "Jack Woodbury mem."]
[Site "Winnipeg CAN"]
[Date "2019.12.03"]
[Round "5.5"]
[White "Hopper, Michael"]
[Black "Green, Jim"]
[Result "1-0"]
[WhiteElo "2101"]
[BlackElo "1835"]
[PlyCount "105"]
[EventDate "2019.11.05"]
[EventType "swiss"]
[EventRounds "6"]
[EventCountry "CAN"]

1. d4 d5 2. Nf3 Nf6 3. e3 g6 4. c4 c6 5. Nc3 a6 6. b3 Bg7 7. Bd3 O-O 8. O-O Bg4
9. h3 Bxf3 10. Qxf3 e6 11. Bd2 Nbd7 12. Rfd1 c5 13. Rac1 cxd4 14. exd4 dxc4 15.
bxc4 b6 16. Bg5 Qc8 17. Rc2 Ra7 18. Rdc1 Qb7 19. Qe3 Qc7 20. Rb1 Re8 21. g4
Raa8 22. f4 Rac8 23. Bh4 Qd6 24. Ne2 Qc7 25. Bg3 Qd8 26. Rb3 Qe7 27. Qf3 Qd8
28. Bf2 Qc7 29. Ng3 Kf8 30. h4 Qc6 31. Qe2 Qc7 32. Be3 Ng8 33. Qf2 Ne7 34. h5
Nf6 35. Be2 Nd7 36. hxg6 hxg6 37. Ne4 Nc6 38. Bd3 Na5 39. Rb1 Nb7 40. Kg2 Nd6
41. c5 Nxe4 42. Bxe4 bxc5 43. dxc5 Rb8 44. Rd1 Red8 45. g5 Ke8 46. Rcd2 Bf8 47.
c6 Nc5 48. Rxd8+ Rxd8 49. Rxd8+ Qxd8 50. Bxc5 Bxc5 51. Qxc5 Qc7 52. Qe5 Qc8 53.
Qh8+ 1-0

[Event "Jack Woodbury mem."]
[Site "Winnipeg CAN"]
[Date "2019.12.03"]
[Round "5.6"]
[White "Einarsson, Ken"]
[Black "Czypinski, Jaroslaw"]
[Result "0-1"]
[WhiteElo "1800"]
[BlackElo "1975"]
[Annotator "wspe"]
[PlyCount "150"]
[EventDate "2019.11.05"]
[EventType "swiss"]
[EventRounds "6"]
[EventCountry "CAN"]

1. d4 Nf6 2. c4 e6 3. Nc3 b6 4. Nf3 Bb7 5. Bg5 Be7 6. e3 Ne4 7. Bxe7 Qxe7 8.
Nxe4 Bxe4 9. Bd3 Qb4+ 10. Qd2 Qxd2+ 11. Kxd2 Bxd3 12. Kxd3 Nc6 13. Rhc1 Ne7 14.
b3 Ng6 15. Ke2 Ke7 16. c5 c6 17. Nd2 b5 18. b4 a5 19. a3 f5 20. Nb3 a4 21. Nd2
Rhe8 22. Nf3 Kf6 23. Rd1 Re7 24. g3 h5 25. h4 Rd8 26. Ra2 Nh8 27. Ne5 Nf7 28.
f4 Nh6 29. Rad2 Ng8 30. Kf3 Nh6 31. Rc1 Ng8 32. Rd3 Ree8 33. Rc2 Ne7 34. Rd1
Nd5 35. Rdc1 Ke7 36. Ng6+ Kf7 37. Ne5+ Kg8 38. Ke2 Nf6 39. Kf3 Nd5 40. Nd3 Kf7
41. Nf2 Kf6 42. e4 fxe4+ 43. Nxe4+ Kg6 44. Nd6 Rf8 45. Re1 Ne7 46. Re5 Nf5 47.
Nxf5 Rxf5 48. Rce2 Rdf8 49. Rxf5 Rxf5 50. g4 hxg4+ 51. Kxg4 Rd5 52. Re4 Kh6 53.
Kf3 g6 54. Kg4 Kg7 55. Kf3 Kf7 56. Kg4 Kf6 57. Kf3 Kg7 58. Kg4 Kh6 59. Kf3 Kh5
60. Kg3 Kh6 61. Kg4 Kg7 62. Kf3 Kf6 63. Kg4 Rh5 64. Re5 Rh7 65. Rg5 Rh8 66. Re5
Rd8 67. Kf3 Rh8 68. Kg4 Rh7 69. Rg5 Rf7 70. h5 gxh5+ 71. Rxh5 Rg7+ 72. Rg5 Rh7
73. Re5 Rh1 74. Kf3 Rh3+ 75. Ke2 Rxa3 0-1

[Event "Jack Woodbury mem."]
[Site "Winnipeg CAN"]
[Date "2019.12.03"]
[Round "5.7"]
[White "Letain, Cory"]
[Black "Leaden, Bruce"]
[Result "0-1"]
[WhiteElo "1838"]
[BlackElo "1512"]
[Annotator "Bruce"]
[PlyCount "78"]
[EventDate "2019.11.05"]
[EventType "swiss"]
[EventRounds "6"]
[EventCountry "CAN"]

1. e4 e6 2. d4 d5 3. c4 dxe4 4. Nc3 Bb4 5. Qa4+ Nc6 6. Be3 Bxc3+ 7. bxc3 Bd7 8.
Qc2 f5 9. f3 Nf6 10. fxe4 Nxe4 11. Nf3 O-O 12. Bd3 Na5 13. O-O b6 14. d5 Nc5
15. Rad1 Ba4 16. Qe2 Bxd1 17. Rxd1 Nxd3 18. dxe6 Qe7 19. Bg5 Qc5+ 20. Nd4 Ne5
21. e7 Rfe8 22. Kh1 Nac6 23. Ne6 Qxc4 24. Qxc4 Nxc4 25. Nxc7 Rac8 26. Nxe8 Rxe8
27. Rd8 Kf7 28. Rd7 h6 29. Bh4 g5 30. Rc7 N4e5 31. Bf2 Rxe7 32. Rc8 Rd7 33. h4
Rd2 34. Be3 Rd1+ 35. Kh2 f4 36. Bd4 g4 37. Bg1 g3+ 38. Kh1 Ng4 39. Rc7+ Ne7 {
White resigns} 0-1

[Event "Jack Woodbury mem."]
[Site "Winnipeg CAN"]
[Date "2019.12.03"]
[Round "5.8"]
[White "Annakkage, Udaya"]
[Black "Furda, Ievgeniia-Diana"]
[Result "1-0"]
[WhiteElo "1803"]
[BlackElo "1604"]
[PlyCount "83"]
[EventDate "2019.11.05"]
[EventType "swiss"]
[EventRounds "6"]
[EventCountry "CAN"]

1. e4 e5 2. Nf3 Nc6 3. Bb5 a6 4. Ba4 b5 5. Bb3 Nf6 6. d3 Be7 7. c3 Bb7 8. O-O
O-O 9. Re1 Re8 10. Nbd2 h6 11. Nf1 Bf8 12. Ng3 d5 13. exd5 Nxd5 14. Nf5 Nf6 15.
h3 e4 16. N3h4 g5 17. Ng6 Bc8 18. dxe4 Qxd1 19. Rxd1 Nxe4 20. Nd4 Nxd4 21. cxd4
c5 22. Nxf8 Kxf8 23. Bd5 Ra7 24. Bxe4 Rxe4 25. dxc5 Rc7 26. Be3 Rc4 27. Rac1
Rxc1 28. Rxc1 Be6 29. b3 a5 30. Rd1 a4 31. bxa4 bxa4 32. a3 Bb3 33. Rd6 Kg7 34.
h4 gxh4 35. Rxh6 h3 36. Rxh3 Rd7 37. Rh4 Kf8 38. Rd4 Rxd4 39. Bxd4 Ke7 40. f4
Kd7 41. Kf2 Kc6 42. Ke3 1-0

[Event "Jack Woodbury mem."]
[Site "Winnipeg CAN"]
[Date "2019.12.03"]
[Round "5.9"]
[White "Crawford, Gary"]
[Black "Ott, Richard"]
[Result "0-1"]
[WhiteElo "1649"]
[BlackElo "1432"]
[PlyCount "58"]
[EventDate "2019.11.05"]
[EventType "swiss"]
[EventRounds "6"]
[EventCountry "CAN"]

1. e4 d5 2. exd5 Qxd5 3. Nc3 Qd6 4. Nf3 Nf6 5. h3 c6 6. d4 Bf5 7. Bd3 Bxd3 8.
Qxd3 e6 9. O-O Be7 10. Ne4 Nxe4 11. Qxe4 O-O 12. Bf4 Qd8 13. c4 Nd7 14. Rfd1
Nf6 15. Qd3 Qa5 16. Bd2 Qh5 17. Bg5 h6 18. Bh4 Bd6 19. Bxf6 gxf6 20. d5 Rad8
21. Qb3 cxd5 22. cxd5 e5 23. Qc4 Rc8 24. Qh4 Qxh4 25. Nxh4 Rc2 26. Nf5 Bc5 27.
Ne3 Rxb2 28. d6 Rd8 29. d7 Bd4 0-1

[Event "Jack Woodbury mem."]
[Site "Winnipeg CAN"]
[Date "2019.12.03"]
[Round "5.10"]
[White "Skop, Mike"]
[Black "Czarny, Keith"]
[Result "1-0"]
[WhiteElo "1621"]
[BlackElo "1636"]
[PlyCount "35"]
[EventDate "2019.11.05"]
[EventType "swiss"]
[EventRounds "6"]
[EventCountry "CAN"]

1. e4 c6 2. Nc3 d5 3. Nf3 dxe4 4. Nxe4 Bf5 5. Ng3 Bg6 6. h4 h6 7. Ne5 Bh7 8.
Bc4 e6 9. Qe2 Qf6 10. d4 Bd6 11. Nh5 Qe7 12. Nxg7+ Kf8 13. Nh5 Nf6 14. Bxh6+
Ke8 15. Bg5 Bxe5 16. dxe5 Qb4+ 17. c3 Qb6 18. Nxf6+ 1-0

[Event "Jack Woodbury mem."]
[Site "Winnipeg CAN"]
[Date "2019.12.03"]
[Round "5.11"]
[White "Kim, Sunyo"]
[Black "Piche, Zachary"]
[Result "1-0"]
[WhiteElo "1778"]
[BlackElo "1527"]
[PlyCount "49"]
[EventDate "2019.11.05"]
[EventType "swiss"]
[EventRounds "6"]
[EventCountry "CAN"]

1. e4 c5 2. Nf3 d6 3. d4 cxd4 4. Nxd4 Nf6 5. Nc3 a6 6. Bc4 e6 7. Bb3 Nbd7 8.
O-O Nc5 9. Qf3 Nxb3 10. Nxb3 Be7 11. Qg3 Bf8 12. e5 dxe5 13. Qxe5 g6 14. Bg5
Bg7 15. Ne4 Nh5 16. Nd6+ Kf8 17. Qc5 f6 18. Nxc8+ Kg8 19. Nb6 Rb8 20. Rad1 Qe8
21. Be3 f5 22. Bd4 Nf4 23. Bxg7 Ne2+ 24. Kh1 Kxg7 25. Qe5+ 1-0

[Event "Jack Woodbury mem."]
[Site "Winnipeg CAN"]
[Date "2019.12.03"]
[Round "5.12"]
[White "Klokow, John"]
[Black "Gannon, Keith"]
[Result "1-0"]
[WhiteElo "1676"]
[BlackElo "1503"]
[PlyCount "89"]
[EventDate "2019.11.05"]
[EventType "swiss"]
[EventRounds "6"]
[EventCountry "CAN"]

1. e4 e5 2. Nf3 d6 3. Bc4 Be7 4. O-O Nf6 5. d3 O-O 6. a4 Nc6 7. h3 a5 8. Nbd2
Bd7 9. Re1 h6 10. Nf1 b6 11. Ng3 Re8 12. c3 Bf8 13. Nh4 Be6 14. Bxe6 Rxe6 15.
Nhf5 Ne7 16. Qf3 d5 17. Be3 dxe4 18. dxe4 Ng6 19. Red1 Qc8 20. Rd2 c5 21. Rad1
Re8 22. Nxh6+ gxh6 23. Qxf6 Qe6 24. Qxe6 Rxe6 25. Nf5 h5 26. Rd7 Rc8 27. Rb7
Nh8 28. Ng3 h4 29. Nf5 Ng6 30. Rdd7 Rf6 31. Bg5 Rfc6 32. Rxf7 c4 33. Nxh4 Nxh4
34. Bxh4 Rg6 35. Kh2 Bg7 36. g4 Bh6 37. g5 Bxg5 38. Bxg5 Rxg5 39. h4 Rg4 40.
Kh3 Rxe4 41. h5 Rd8 42. h6 Rd3+ 43. f3 Rf4 44. Rg7+ Kf8 45. Rb8+ 1-0

[Event "Jack Woodbury mem."]
[Site "Winnipeg CAN"]
[Date "2019.12.03"]
[Round "5.13"]
[White "Melnyk, Jim"]
[Black "Reimer, Bruce"]
[Result "1-0"]
[WhiteElo "1670"]
[BlackElo "1518"]
[PlyCount "103"]
[EventDate "2019.11.05"]
[EventType "swiss"]
[EventRounds "6"]
[EventCountry "CAN"]

1. e4 g6 2. d4 Bg7 3. Be3 d6 4. Bd3 a6 5. Ne2 b5 6. Nd2 Bb7 7. c3 Nd7 8. Rc1
Ngf6 9. f3 O-O 10. O-O c5 11. Bb1 Qb6 12. Bf2 a5 13. Rc2 c4 14. Re1 a4 15. a3
Qa6 16. Nc1 Nh5 17. Na2 Rad8 18. Nb4 Qa8 19. Nf1 Nf4 20. Be3 Ne6 21. Ng3 h5 22.
Rce2 h4 23. Nh1 Nc7 24. Bg5 Bf6 25. Qd2 Kh7 26. Nf2 Kh8 27. Bxf6+ Nxf6 28. Qf4
Kg7 29. Qd2 e5 30. dxe5 dxe5 31. Qe3 Ne6 32. Rd1 Rxd1+ 33. Nxd1 Nf4 34. Rd2 h3
35. g3 Nd3 36. Bxd3 cxd3 37. Rxd3 Rd8 38. Nf2 Rxd3 39. Nbxd3 Nd5 40. Qc5 Nf6
41. Qxe5 Bc8 42. Qxb5 Qa7 43. Qc5 Qb7 44. Nb4 Qd7 45. Qd4 Qb5 46. Nfd3 Qh5 47.
Qe3 Kg8 48. Kf2 Bg4 49. Qc5 Nxe4+ 50. fxe4 Qh6 51. Qe3 Qg7 52. Qf4 1-0

[Event "Jack Woodbury mem."]
[Site "Winnipeg CAN"]
[Date "2019.12.03"]
[Round "5.14"]
[White "Odeyemi, Emmanuel"]
[Black "Myrzaibraimova, Aibike"]
[Result "0-1"]
[WhiteElo "1177"]
[BlackElo "1566"]
[PlyCount "170"]
[EventDate "2019.11.05"]
[EventType "swiss"]
[EventRounds "6"]
[EventCountry "CAN"]

1. c4 e5 2. Nc3 Nf6 3. e3 c5 4. g3 d6 5. Bg2 Be7 6. Qb3 Nc6 7. Nd5 O-O 8. Nxe7+
Qxe7 9. Ne2 Bg4 10. Nc3 e4 11. O-O Bf3 12. Nd5 Nxd5 13. cxd5 Ne5 14. Qc3 c4 15.
b3 cxb3 16. axb3 Be2 17. Bb2 Bxf1 18. Rxf1 f5 19. f4 exf3 20. Bxf3 Nxf3+ 21.
Rxf3 Rf7 22. Qd4 Raf8 23. Kf2 Qe4 24. Qxa7 Qxd5 25. Bc3 Qxb3 26. Qd4 Qe6 27.
Rf4 Qe7 28. Rh4 Re8 29. Rh6 Rc8 30. Rxd6 Qg5 31. Qe5 Re7 32. Re6 Rce8 33. Rxe7
Qxe7 34. Qd5+ Qf7 35. Qd4 h5 36. h4 Kh7 37. Qf4 Rg8 38. e4 Qc4 39. Qxf5+ g6 40.
Qd7+ Kh6 41. Qxb7 Rf8+ 42. Ke3 Qc5+ 43. Bd4 Qa3+ 44. Bc3 Qc5+ 45. Kd3 Rf3+ 46.
Kc2 Qf8 47. Qc7 Rf7 48. Qe5 Re7 49. Qg5+ Kh7 50. e5 Qf5+ 51. Qxf5 gxf5 52. d4
Kg6 53. Kd3 Re8 54. Ke3 Rc8 55. Bb2 Rc2 56. Ba1 Rg2 57. Kf3 Rg1 58. Bc3 Rd1 59.
Ke3 Rc1 60. Bd2 Rc8 61. d5 Rc5 62. Kd4 Rc2 63. Kd3 Rc5 64. Kd4 Rc2 65. Bg5 Kf7
66. d6 Ke6 67. Bf4 Rc8 68. Bg5 Rc2 69. Bf6 Rg2 70. Kc5 Rxg3 71. Kc6 Rc3+ 72.
Kb7 f4 73. d7 Kxd7 74. e6+ Kxe6 75. Bxc3 Kf5 76. Kc6 f3 77. Bd4 Kg4 78. Kd5
Kxh4 79. Ke4 Kg3 80. Kf5 h4 81. Be5+ Kg2 82. Bd4 h3 83. Kg4 h2 84. Kf4 h1=Q 85.
Ke3 f2 0-1

[Event "Jack Woodbury mem."]
[Site "Winnipeg CAN"]
[Date "2019.12.03"]
[Round "5.17"]
[White "Trueman, Francis"]
[Black "Magyar, Peter"]
[Result "1-0"]
[WhiteElo "1456"]
[BlackElo "1502"]
[PlyCount "115"]
[EventDate "2019.11.05"]
[EventType "swiss"]
[EventRounds "6"]
[EventCountry "CAN"]

1. e4 e6 2. d3 c5 3. Nd2 Nc6 4. Ngf3 Be7 5. a4 d6 6. g3 e5 7. Bg2 h6 8. O-O Bg4
9. c3 Qd7 10. Nc4 Nf6 11. a5 h5 12. Qb3 h4 13. Nxh4 Rxh4 14. gxh4 Be2 15. Ne3
Bxf1 16. Kxf1 Ng4 17. Nxg4 Qxg4 18. Qxb7 Rc8 19. Bg5 Bxg5 20. hxg5 Qe6 21. Qb5
Kd8 22. a6 Qe7 23. Qc4 g6 24. Ke2 Ke8 25. h4 Qc7 26. Bf3 Qd7 27. h5 Ke7 28.
hxg6 fxg6 29. Rh1 Kd8 30. Rh8+ Kc7 31. Rxc8+ Kxc8 32. Qg8+ Kc7 33. Qxg6 Kb6 34.
Qf6 Kxa6 35. g6 Kb5 36. Qf7 Ne7 37. g7 Qd8 38. Bh5 a5 39. Qb3+ Kc6 40. Bf7 Qb6
41. Qxb6+ Kxb6 42. g8=Q Nxg8 43. Bxg8 Kc7 44. c4 Kd7 45. Bd5 Ke7 46. b3 Kf6 47.
Kf3 Kg6 48. Kg4 Kf6 49. f4 exf4 50. Kxf4 Kg6 51. e5 dxe5+ 52. Kxe5 Kg5 53. Be4
Kg4 54. Kd5 Kf4 55. Bh1 Ke3 56. Be4 Kd2 57. Kxc5 Kc3 58. Kb5 1-0

[Event "Jack Woodbury mem."]
[Site "Winnipeg CAN"]
[Date "2019.12.10"]
[Round "6.1"]
[White "Wolchock, Theo"]
[Black "Prince, Colin"]
[Result "1-0"]
[WhiteElo "2234"]
[BlackElo "1884"]
[PlyCount "59"]
[EventDate "2019.11.05"]
[EventType "swiss"]
[EventRounds "6"]
[EventCountry "CAN"]

1. e4 e5 2. Nf3 Nc6 3. Bb5 Nf6 4. Qe2 d6 5. O-O Be7 6. d4 exd4 7. Nxd4 Bd7 8.
Bxc6 bxc6 9. Nc3 O-O 10. Nf5 Bxf5 11. exf5 d5 12. Bg5 Ne4 13. Bxe7 Qxe7 14.
Rfe1 Rae8 15. Nxe4 Qxe4 16. Qxe4 Rxe4 17. Rxe4 dxe4 18. Re1 Re8 19. Re3 g6 20.
f6 Re6 21. Kf1 h6 22. Ke2 g5 23. Ra3 Kh7 24. Rxa7 Kg6 25. Rxc7 Rxf6 26. a4 Rd6
27. a5 Kf6 28. a6 c5 29. a7 Ra6 30. Rc6+ 1-0

[Event "Jack Woodbury mem."]
[Site "Winnipeg CAN"]
[Date "2019.12.10"]
[Round "6.2"]
[White "Konara, Harshani"]
[Black "Bince, Rolando"]
[Result "0-1"]
[WhiteElo "1968"]
[BlackElo "1866"]
[PlyCount "99"]
[EventDate "2019.11.05"]
[EventType "swiss"]
[EventRounds "6"]
[EventCountry "CAN"]

1. c4 g6 2. Nc3 Bg7 3. g3 c5 4. Bg2 Nc6 5. d3 e6 6. e3 Nge7 7. Nge2 d5 8. cxd5
exd5 9. O-O O-O 10. e4 d4 11. Nb5 a6 12. Na3 b6 13. Bf4 Be6 14. Qd2 Rc8 15. b3
f6 16. Qd1 g5 17. Bc1 Ng6 18. f4 gxf4 19. Nxf4 Nxf4 20. Bxf4 Qd7 21. Nc4 Bxc4
22. bxc4 Ne5 23. Qh5 Qe7 24. Bh3 Qe8 25. Qe2 Rb8 26. Bf5 Rb7 27. Rad1 Kh8 28.
Rb1 Rg8 29. Rb3 b5 30. cxb5 axb5 31. Rc1 Bf8 32. Rbb1 Bd6 33. Kg2 Rgg7 34. Bh6
Rgc7 35. Bf4 Qf7 36. Kg1 b4 37. Kg2 Ra7 38. Rc2 Ra3 39. Rd2 Rca7 40. Rbb2 Rc3
41. h3 Raa3 42. Bxe5 Bxe5 43. Kh2 Qg7 44. Qf3 Qg5 45. Kg2 Qe3 46. Qg4 Rxd3 47.
Rxd3 Rxd3 48. Be6 Qxg3+ 49. Kf1 Rf3+ 50. Ke2 0-1

[Event "Jack Woodbury mem."]
[Site "Winnipeg CAN"]
[Date "2019.12.10"]
[Round "6.3"]
[White "Czypinski, Jaroslaw"]
[Black "Wiebe, Isaac"]
[Result "1/2-1/2"]
[WhiteElo "1975"]
[BlackElo "2239"]
[PlyCount "167"]
[EventDate "2019.11.05"]
[EventType "swiss"]
[EventRounds "6"]
[EventCountry "CAN"]

1. Nf3 d5 2. d4 a6 3. e3 Nf6 4. Bd3 g6 5. O-O Bg7 6. Nbd2 O-O 7. Ne5 c5 8. c3
Nc6 9. f4 Nd7 10. Nxd7 Bxd7 11. Nf3 Bg4 12. Qe1 c4 13. Bc2 Bxf3 14. Rxf3 f5 15.
h4 h5 16. b3 b5 17. Ba3 Qa5 18. Bc5 Rab8 19. a3 Rfd8 20. Rg3 Kf7 21. b4 Qc7 22.
a4 Bf6 23. Rf3 Ra8 24. a5 Rg8 25. g3 Qd7 26. Qe2 Nd8 27. Rd1 Kg7 28. Rf2 Nf7
29. Kh1 Nh6 30. Re1 Ng4 31. Rg2 Rac8 32. Qd2 Kh7 33. Bd1 Nh6 34. Bf3 Kg7 35.
Rgg1 Qc6 36. Qg2 Rcd8 37. Qe2 Rd7 38. Qc2 Qe6 39. Qg2 Kh7 40. Re2 Nf7 41. Ree1
Nh6 42. Re2 Qf7 43. Ree1 Kg7 44. Re2 Kh8 45. Ree1 Qe6 46. Re2 Rgd8 47. Ree1 Bg7
48. Re2 Kg8 49. Ree1 Kf7 50. Re2 Ng8 51. Ree1 Nf6 52. Re2 Rg8 53. Ree1 Rdd8 54.
Re2 Qc6 55. Ree1 e6 56. Re2 Nd7 57. Ra2 Bf6 58. Qe2 Rh8 59. Qg2 Rdg8 60. Re1
Bd8 61. Rd1 Bc7 62. Re1 Qb7 63. Kg1 Nf6 64. Kh1 Rh7 65. Kg1 Rgh8 66. Kf1 Qb8
67. Kg1 Qd8 68. Kh1 Kg7 69. Kg1 Qd7 70. Kh1 Ra8 71. Kg1 Rhh8 72. Kh1 Qd8 73.
Kg1 Nd7 74. Qd2 Kh6 75. Kh1 Rg8 76. Kg1 Rg7 77. Kh1 Qf6 78. Kh2 Rag8 79. Rf1
Qf7 80. Raa1 Kh7 81. Rab1 Kh8 82. Ra1 Bd8 83. Bd6 Kh7 84. Be5 1/2-1/2

[Event "Jack Woodbury mem."]
[Site "Winnipeg CAN"]
[Date "2019.12.10"]
[Round "6.4"]
[White "Leaden, Bruce"]
[Black "Hopper, Michael"]
[Result "0-1"]
[WhiteElo "1512"]
[BlackElo "2101"]
[PlyCount "92"]
[EventDate "2019.11.05"]
[EventType "swiss"]
[EventRounds "6"]
[EventCountry "CAN"]

1. e4 c5 2. Nc3 d6 3. f4 Nc6 4. Nf3 g6 5. Bb5 a6 6. Bxc6+ bxc6 7. O-O Bg7 8. d3
Nf6 9. Qe1 e6 10. Qh4 Qc7 11. f5 Bb7 12. Bg5 Nd7 13. f6 Bf8 14. Bf4 e5 15. Bh6
Bxh6 16. Qxh6 O-O-O 17. Ng5 Nb6 18. Rf3 Kb8 19. Rh3 Bc8 20. Rh4 Be6 21. Nxe6
fxe6 22. Rf1 Rd7 23. Qg5 Rf7 24. Rh6 Rhf8 25. b3 Qd7 26. Ne2 Na8 27. Kh1 Nc7
28. Rh3 Ne8 29. Rhf3 Qd8 30. Qg4 Rxf6 31. Rxf6 Rxf6 32. Rxf6 Qxf6 33. Qf3 d5
34. Nc3 Kc7 35. h3 Qxf3 36. gxf3 Nf6 37. Kg2 Nh5 38. Ne2 Nf4+ 39. Nxf4 exf4 40.
h4 h5 41. e5 Kb6 42. c3 c4 43. bxc4 dxc4 44. d4 c5 45. Kf2 Kc6 46. Ke2 Kd5 0-1

[Event "Jack Woodbury mem."]
[Site "Winnipeg CAN"]
[Date "2019.12.10"]
[Round "6.5"]
[White "Skop, Mike"]
[Black "Abioye, Yemi"]
[Result "0-1"]
[WhiteElo "1621"]
[BlackElo "2068"]
[PlyCount "52"]
[EventDate "2019.11.05"]
[EventType "swiss"]
[EventRounds "6"]
[EventCountry "CAN"]

1. e4 e6 2. Nc3 d5 3. g3 Nf6 4. Bg2 Bb4 5. e5 Nfd7 6. Qg4 Bf8 7. f4 g6 8. Nce2
c5 9. Nh3 Nc6 10. O-O Nb4 11. c3 Nd3 12. c4 dxc4 13. Nc3 Rb8 14. Ne4 b5 15. a4
b4 16. Nhg5 Be7 17. Nxe6 Qb6 18. N6g5 N7xe5 19. Qe2 Nxc1 20. Raxc1 Nd3 21. Rxc4
Nxb2 22. a5 Qa6 23. Re1 Nxc4 24. Nxc5 Qd6 25. Bc6+ Kf8 26. Qxc4 Qxc5+ 0-1

[Event "Jack Woodbury mem."]
[Site "Winnipeg CAN"]
[Date "2019.12.10"]
[Round "6.6"]
[White "Proulx, Roy"]
[Black "Remillard, John"]
[Result "1-0"]
[WhiteElo "1833"]
[BlackElo "1568"]
[PlyCount "79"]
[EventDate "2019.11.05"]
[EventType "swiss"]
[EventRounds "6"]
[EventCountry "CAN"]

1. e4 e6 2. d4 b6 3. Nf3 Bb7 4. Bd3 Nf6 5. e5 Nd5 6. a3 d6 7. c4 Ne7 8. exd6
cxd6 9. O-O Ng6 10. Nc3 Be7 11. Qe2 O-O 12. Be3 Nd7 13. g3 Nf6 14. h4 h5 15.
Bg5 Nh8 16. Bxf6 Bxf6 17. Ne4 g6 18. Rad1 Re8 19. Bb1 Bg7 20. Nfg5 d5 21. Nc3
Rc8 22. g4 hxg4 23. Qxg4 Rxc4 24. h5 f5 25. Qh4 Bh6 26. f4 Qf6 27. Rf2 Nf7 28.
hxg6 Qxg6 29. Rg2 Nxg5 30. fxg5 Bg7 31. Nb5 Re7 32. Re2 Qh7 33. Qxh7+ Kxh7 34.
Bxf5+ Kh8 35. Bxe6 Bf8 36. Rf1 Kg7 37. Nd6 Rxe6 38. Rxe6 Bxd6 39. Rxd6 Rc7 40.
Rff6 {Black lost on time.} 1-0

[Event "Jack Woodbury mem."]
[Site "Winnipeg CAN"]
[Date "2019.12.10"]
[Round "6.7"]
[White "Ott, Richard"]
[Black "Annakkage, Udaya"]
[Result "0-1"]
[WhiteElo "1432"]
[BlackElo "1803"]
[PlyCount "92"]
[EventDate "2019.11.05"]
[EventType "swiss"]
[EventRounds "6"]
[EventCountry "CAN"]

1. d4 Nf6 2. Nf3 d6 3. g3 g6 4. Bg2 Bg7 5. O-O O-O 6. c4 c6 7. Nc3 Nbd7 8. e4
Qc7 9. Qe2 Re8 10. Be3 Nb6 11. Nd2 Ng4 12. Rac1 Nxe3 13. fxe3 a5 14. Qf3 Rf8
15. Kh1 Nd7 16. Rc2 Nf6 17. Rfc1 Bg4 18. Qf4 e5 19. Qf1 Qe7 20. h3 Bd7 21. Na4
Qd8 22. dxe5 Nh5 23. Qe1 Bxe5 24. Nf1 f5 25. c5 dxc5 26. Rd1 Qc7 27. Nxc5 Bc8
28. exf5 Bxf5 29. Rcd2 Nxg3+ 30. Nxg3 Bxg3 31. Qe2 Rf7 32. e4 Re8 33. Qc4 Bc8
34. Nd7 Bh4 35. e5 b5 36. Qxc6 Qxc6 37. Bxc6 Bxd7 38. Bxd7 Ree7 39. e6 Rf5 40.
Rc2 Rf3 41. Kg2 Re3 42. Rc8+ Kg7 43. Rd2 Rg3+ 44. Kh2 Rf3 45. Rc3 Rf4 46. Kg2
Be1 0-1

[Event "Jack Woodbury mem."]
[Site "Winnipeg CAN"]
[Date "2019.12.10"]
[Round "6.8"]
[White "Letain, Cory"]
[Black "Klokow, John"]
[Result "1-0"]
[WhiteElo "1838"]
[BlackElo "1676"]
[PlyCount "106"]
[EventDate "2019.11.05"]
[EventType "swiss"]
[EventRounds "6"]
[EventCountry "CAN"]

1. e4 e5 2. Nf3 Nc6 3. Bb5 Nf6 4. O-O Nxe4 5. d4 Nd6 6. Bxc6 dxc6 7. dxe5 Nf5
8. Qxd8+ Kxd8 9. Bg5+ Be7 10. Nc3 h6 11. Bxe7+ Nxe7 12. Rad1+ Ke8 13. Nd4 Nf5
14. Rfe1 Nxd4 15. Rxd4 Bf5 16. f4 Rd8 17. Rxd8+ Kxd8 18. Ne4 Ke7 19. Kf2 Rd8
20. h3 Rd4 21. Kf3 b6 22. g4 Bc8 23. Ke3 c5 24. c3 Rd8 25. f5 Ba6 26. f6+ gxf6
27. exf6+ Ke6 28. Kf4 Kd7 29. Rd1+ Ke8 30. Rxd8+ Kxd8 31. g5 h5 32. Ng3 Bc8 33.
h4 Bg4 34. Nf5 Kd7 35. Nh6 Be6 36. a3 Kd6 37. Nf5+ Kd5 38. b3 a5 39. c4+ Kc6
40. Ke5 Kd7 41. Ne7 a4 42. bxa4 Bxc4 43. g6 fxg6 44. Nxg6 Ke8 45. Nf4 Bf7 46.
Nd5 Kd7 47. a5 bxa5 48. Nc3 Kc6 49. Ne4 Kb5 50. Ng5 Bb3 51. Ne6 c4 52. f7 c3
53. f8=Q Bc2 1-0

[Event "Jack Woodbury mem."]
[Site "Winnipeg CAN"]
[Date "2019.12.10"]
[Round "6.9"]
[White "Green, Jim"]
[Black "Melnyk, Jim"]
[Result "1-0"]
[WhiteElo "1835"]
[BlackElo "1670"]
[PlyCount "129"]
[EventDate "2019.11.05"]
[EventType "swiss"]
[EventRounds "6"]
[EventCountry "CAN"]

1. e4 Nc6 2. Nf3 Nf6 3. Nc3 d5 4. exd5 Nxd5 5. Nxd5 Qxd5 6. Be2 Bf5 7. d3 e5 8.
O-O Be7 9. Bd2 O-O-O 10. Bc3 Bf6 11. Qc1 h6 12. Rd1 Rhe8 13. a4 g5 14. Ne1 Nd4
15. Bxd4 exd4 16. Bf3 Qc5 17. g3 Re7 18. Qd2 Rde8 19. b4 Qc3 20. Qxc3 dxc3 21.
g4 Bg6 22. Ng2 Bd4 23. Re1 f5 24. Rxe7 Rxe7 25. Re1 Re5 26. Rxe5 Bxe5 27. Ne3
fxg4 28. Bxg4+ Kd8 29. Bf5 Bf7 30. Be4 c6 31. h3 Ba2 32. Kf1 Bb1 33. Ke2 Bd4
34. Kd1 Ke8 35. Bg6+ Kf8 36. Bh5 Kg8 37. Bg4 b6 38. Be6+ Kf8 39. Kc1 Bxc2 40.
Kxc2 Ke8 41. Nd1 Ke7 42. Bg4 Kd6 43. f3 a5 44. bxa5 bxa5 45. Nxc3 Kc5 46. Kb3
Kb6 47. Kc4 Be3 48. d4 Bd2 49. Ne4 Bf4 50. Nf6 Bd6 51. Ng8 Bf8 52. Nf6 Bd6 53.
Be6 Bb4 54. d5 Kb7 55. Ne8 cxd5+ 56. Kxd5 Kb6 57. Nf6 Bd2 58. Bf7 Bb4 59. Ke5
Kc6 60. Be8+ Kc7 61. Nd5+ Kd8 62. Nxb4 axb4 63. Bf7 Kc7 64. Kf5 Kb6 65. Bb3 1-0

[Event "Jack Woodbury mem."]
[Site "Winnipeg CAN"]
[Date "2019.12.10"]
[Round "6.10"]
[White "Myrzaibraimova, Aibike"]
[Black "Einarsson, Ken"]
[Result "1/2-1/2"]
[WhiteElo "1566"]
[BlackElo "1800"]
[PlyCount "177"]
[EventDate "2019.11.05"]
[EventType "swiss"]
[EventRounds "6"]
[EventCountry "CAN"]

1. e4 c6 2. d4 d5 3. exd5 cxd5 4. Nf3 Nc6 5. Be2 Nf6 6. O-O Bg4 7. c3 e6 8. h3
Bh5 9. Bf4 Be7 10. Nbd2 O-O 11. Qc2 Rc8 12. Bd3 Nb4 13. Qb1 Nxd3 14. Qxd3 Qb6
15. Qc2 Bxf3 16. Nxf3 Ne4 17. Ne5 Nf6 18. Bg5 Qxd4 19. Bxf6 Bxf6 20. Qxh7+ Kxh7
21. cxd4 Rc2 22. b3 Kg8 23. f4 Rfc8 24. g4 Rd2 25. Rfc1 Rcc2 26. Rxc2 Rxc2 27.
Nf3 Kf8 28. Kf1 Ke8 29. Ke1 Kd8 30. h4 g6 31. h5 gxh5 32. gxh5 Rg2 33. Kf1 Rg4
34. Ke2 Rxf4 35. Ke3 Re4+ 36. Kd3 Bg7 37. Rg1 Bh6 38. Ne5 Ke7 39. a4 Rh4 40.
Rf1 Rh3+ 41. Kc2 f5 42. Ng6+ Kf6 43. Ne5 Rxh5 44. Nd7+ Ke7 45. Nc5 b6 46. Na6
Rh2+ 47. Kc3 Rh3+ 48. Kc2 f4 49. Re1 Kd7 50. a5 f3 51. Rf1 Be3 52. Kd3 f2 53.
axb6 axb6 54. Nb4 Bg5+ 55. Kc2 Bh4 56. Nd3 Ke7 57. Kd2 Rg3 58. Nxf2 Rxb3 59.
Nd3 Bg5+ 60. Kc2 Ra3 61. Rb1 Kd6 62. Rxb6+ Ke7 63. Nc5 Re3 64. Rb7+ Kf6 65.
Nd7+ Kf5 66. Nc5 Bf6 67. Rb4 Kf4 68. Ra4 Kf3 69. Ra5 Bxd4 70. Nxe6 Rxe6 71.
Rxd5 Ke3 72. Rb5 Rc6+ 73. Kb3 Kd3 74. Kb4 Bc3+ 75. Kb3 Rc8 76. Rd5+ Bd4 77. Kb4
Rc1 78. Kb5 Rb1+ 79. Kc6 Ke4 80. Rb5 Rh1 81. Rd5 Be5 82. Rc5 Rh6+ 83. Kb5 Bd4
84. Rc4 Rb6+ 85. Ka4 Kd5 86. Rb4 Ra6+ 87. Kb3 Bc5 88. Ra4 Rxa4 89. Kxa4 1/2-1/2

[Event "Jack Woodbury mem."]
[Site "Winnipeg CAN"]
[Date "2019.12.10"]
[Round "6.12"]
[White "Piche, Zachary"]
[Black "Crawford, Gary"]
[Result "1-0"]
[WhiteElo "1527"]
[BlackElo "1649"]
[PlyCount "73"]
[EventDate "2019.11.05"]
[EventType "swiss"]
[EventRounds "6"]
[EventCountry "CAN"]

1. Nf3 d5 2. c4 Nf6 3. cxd5 Nxd5 4. e4 Nb6 5. d4 Bg4 6. Be3 e6 7. Nc3 Bb4 8. a3
Bxc3+ 9. bxc3 O-O 10. Be2 Qe7 11. O-O N8d7 12. Qb3 Nf6 13. Qc2 h6 14. e5 Bf5
15. Bd3 Nfd5 16. Bxf5 exf5 17. c4 Nxe3 18. fxe3 g6 19. Qb3 c6 20. Kh1 Kh7 21.
Rg1 Qe6 22. Nd2 Rab8 23. Rac1 Rfc8 24. Qc3 Nd7 25. e4 fxe4 26. Nxe4 f6 27.
Nxf6+ Nxf6 28. exf6 Qxf6 29. Rgf1 Qg7 30. Qd3 Re8 31. Rf2 Re7 32. h4 Kh8 33.
Rcf1 Ree8 34. Rf7 Qg8 35. d5 Re5 36. Qd4 Rbe8 37. Rf8 1-0